000 00693nam a22002057a 4500
005 20170420171819.0
010 _aENG-117786
020 _a9789386392398
_c695.00
035 _aEN-101318
037 _bDBAD/PUB
082 _a332.6730954
100 _aPant,Manoj
245 _aFDI in India :
_cby Manoj Pant [and] Deepika Srivastava
_bhistory, policy and the asian perspective /
260 _aTelangana,India
_bOrient Blackswan
_c2017
270 _a3-6-752 Himayatnagar,Hyderabad
_bTelangana,India
_e500029
300 v _axix,298p.:
_c21cm (pbk)
_bill.
500 _aIncludes references and index
700 _aSrivastava,Deepika
942 _2ddc
_cEN
_mPAN
_h332.6730954
999 _c139119
_d139119